00915nam a22002417a 450000500170000001000110001702000100002803500110003803700160004904000120006508200180007710000220009524501030011726000480022027000540026830000250032250000510034765000360039865000300043494200270046499900190049195201630051020170124105943.0 a740293 c75.00 a740293 bCen Lib/Ret aDPLbEN a309.5401bJAI aJaimal Rai911758 aThe rural-urban economy and social changes in ancient India, 300 B.C. to 600 A.D. /cby Jaimal Rai aNew Delhi bBhartiya Vidya Prakashan c1974 bNew Delhi aC-114, Shakti Nagar Extensione110052 axiv, 419p.c21cm(Hb) aIncludes bibliographical references and index  aSociological approaches 973894 aUrban development 911760 2ddccENh309.5401mJAI c124727d124727 04104070aLbLd2015-06-18eCen Lib/Retg75.00l0o309.5401 JAIp740293r2015-06-18 00:00:00t1v75.00w2015-06-18yENzW/d List No. 6889/9 ; dtd 10/09/2020